| 000 | 00368nam a2200145Ia 4500 | ||
|---|---|---|---|
| 008 | 231217s9999 xx 000 0 und d | ||
| 041 | _aEnglish | ||
| 082 | _a658.8 KUM;1 R | ||
| 100 | _aKumar, V | ||
| 245 | 0 | _aInternational marketing research | |
| 260 |
_c2000 _bN.Delhi : PHI |
||
| 300 | _axxx+448 | ||
| 650 | _aInternational,marketing,research | ||
| 942 | _cAA | ||
| 999 |
_c169483 _d169483 |
||